Lista de señores socios, noviembre de 1886 / (Record no. 105524)

MARC details
000 -LEADER
campo de control de longitud fija 01174nam a2200241 i 4500
001 - NÚMERO DE CONTROL
campo de control 105524
003 - IDENTIFICADOR DE NÚMERO DE CONTROL
campo de control ES-MaACL
005 - FECHA Y HORA DE LA ÚLTIMA TRANSACCIÓN
campo de control 20230906183919.0
007 - CAMPO FIJO DE DESCRIPCIÓN FÍSICA--INFORMACIÓN GENERAL
campo de control de longitud fija t|
008 - DATOS DE LONGITUD FIJA--INFORMACIÓN GENERAL
campo de control de longitud fija 060721s1887 sp |||| | spa d
080 ## - NÚMERO DE LA CLASIFICACIÓN DECIMAL UNIVERSAL
Número de la Clasificación Decimal Universal 061.21(460.27) Ateneo (058.7)"1886"
110 2# - ENTRADA PRINCIPAL--NOMBRE DE ENTIDAD CORPORATIVA
Nombre de entidad corporativa o nombre de jurisdicción como elemento de entrada Ateneo de Madrid.
9 (RLIN) 1875
245 10 - MENCIÓN DEL TÍTULO
Título Lista de señores socios, noviembre de 1886 /
Mención de responsabilidad, etc. Ateneo Científico, Literario y Artístico de Madrid.
260 ## - PUBLICACIÓN, DISTRIBUCIÓN, ETC.
Lugar de publicación, distribución, etc. Madrid :
Nombre del editor, distribuidor, etc. [s.n.,
Fecha de publicación, distribución, etc. 1887] (
Fabricante Sucs. de Rivadeneyra)
300 ## - DESCRIPCIÓN FÍSICA
Extensión 121 p. ;
Dimensiones 12 cm.
505 8# - NOTA DE CONTENIDO CON FORMATO
Nota de contenido con formato Contiene: Junta de Gobierno ; Secciones ; Lista de señores socios por orden alfabético: socios de mérito, socios de número ; Lista por orden de antigüedad
530 ## - NOTA DISPONIBLE DE FORMULARIO FÍSICO ADICIONAL
Nota de formato físico adicional disponible Disponible en formato digital.
610 24 - PUNTO DE ACCESO ADICIONAL DE MATERIA--NOMBRE DE ENTIDAD CORPORATIVA
Nombre de entidad corporativa o nombre de jurisdicción como elemento de entrada Ateneo de Madrid-
Subdivisión de forma Listas de socios.
9 (RLIN) 1928
610 24 - PUNTO DE ACCESO ADICIONAL DE MATERIA--NOMBRE DE ENTIDAD CORPORATIVA
Nombre de entidad corporativa o nombre de jurisdicción como elemento de entrada Ateneo de Madrid-
Subdivisión de forma Obras digitalizadas.
9 (RLIN) 1930
852 4# - LOCALIZACIÓN
Ubicación ES-MaACL
Número de control de estantería R-3478
856 4# - LOCALIZACIÓN Y ACCESO ELECTRÓNICOS
Identificador Uniforme de Recursos <a href="https://ateneodemadrid.com/index.php/Biblioteca/Coleccion-digital/Libros-y-Folletos/Listado-de-obras-por-autor/Listas-de-socios/Socios-1886">https://ateneodemadrid.com/index.php/Biblioteca/Coleccion-digital/Libros-y-Folletos/Listado-de-obras-por-autor/Listas-de-socios/Socios-1886</a>
Nota pública Ver documento
856 4# - LOCALIZACIÓN Y ACCESO ELECTRÓNICOS
Identificador Uniforme de Recursos <a href="https://prensahistorica.mcu.es/es/consulta/registro.do?id=6124 ">https://prensahistorica.mcu.es/es/consulta/registro.do?id=6124 </a>
Nota pública Biblioteca Virtual de Prensa Histórica
Holdings
Estatus retirado Estado de pérdida Estado de daño No para préstamo Colección Biblioteca de origen Biblioteca actual Ubicación en estantería Fecha de adquisición Fuente de adquisición Total de préstamos Signatura topográfica completa Código de barras Visto por última vez Precio de reemplazo Tipo de ítem Koha
        Colección digital Biblioteca del Ateneo de Madrid Biblioteca del Ateneo de Madrid Depósito 17/01/2008     R-3478 1110173 23/02/2023 23/02/2023 Libro impreso antiguo